Datum a čas kvízu
29
Celkem bodů
Celkový počet nahraných bodů na tomto kvízu bez doplňovacích otázek.
8.
Pořadí na kvízu
Konečné umístění týmu na tomto kvízu.
Zaznamenané odpovědi
| # | Otázka | Odpověď | Body | Výsledky |
|---|---|---|---|---|
| 1. | Premiér Petr Fiala má nově pro... | TikTok | 1 | |
| 2. | Britské ministerstvo vnitra pr... | (medvídek) Paddington | 1 | |
| 3. | Český film režiséra Petra Slav... | Tancuj Matyldo | 0 | |
| 4. | Na numismatické aukci v Praze... | Vladislav (II.) Jagellonský | 1 | |
| 5. | Fotbalový klub Vikingur Reykja... | palety | 1 | |
| 6. | Vzhledem ke končící bohaté hou... | třeň, pochva | 1 | |
| 7. | Uveďte rodové jméno tohoto ptá... | čížek | 0 | |
| 8. | Při nocování v lese jste už mo... | liška | 0 | |
| 9. | V průběhu léta zástupci jeleno... | lýčí | 0 | |
| 10. | Na jaře se řada lidí vydává do... | konvalinka; ocún | 0.5 |